[Event "QA-ANNIV-06"]
[Site "http://www.queenalice.com/game.php?id=790881"]
[Date "2010.6.16"]
[Round "1"]
[White "EternalChess"]
[Black "boogaloo"]
[Result "0-1"]
[WhiteElo "1591"]
[BlackElo "1796"]

1. e4 e5 2. Nf3 d5 3. d3 dxe4 4. Nxe5 exd3 5. cxd3 Bd6 6. Nc4 Qe7+ 7. Qe2 Nf6 8.
Bg5 Be6 9. Nxd6+ cxd6 10. Bxf6 Qxf6 11. Qc2 O-O 12. Be2 Nd7 13. O-O Rac8 14. Nc3
Qg6 15. g3 d5 16. Qd2 Bh3 17. Rfe1 Qc6 18. Bf3 Qf6 19. Bxd5 Ne5 20. Bxb7 Nf3+
21. Kh1 Nxd2 22. Re2 Nf1 23. Rae1 Rc5 24. Bg2 Rh5 25. Bxf1 Qf3+ 26. Kg1 Bxf1 27.
Rxf1 Qxd3 28. Rfe1 Rh6 29. Re8 Re6 30. Rd1 Qxd1+ 31. Nxd1 Rfxe8 32. Ne3 Rxe3 33.
fxe3 Rxe3 34. b3 Re2 35. a4 Rb2 36. h4 Rxb3 37. Kf2 Ra3 0-1

[Event "Challenge"]
[Site "http://www.queenalice.com/game.php?id=791687"]
[Date "2010.6.18"]
[Round "-"]
[White "EternalChess"]
[Black "crisvolei"]
[Result "1-0"]
[WhiteElo "1586"]
[BlackElo "1570"]

1. e4 e5 2. Nf3 Qf6 3. d3 Bb4+ 4. Bd2 Bc5 5. Nc3 Nc6 6. a3 Nd4 7. Nxd4 Bxd4 8.
f3 d5 9. Nxd5 Qc6 10. c3 Bf2+ 11. Kxf2 Be6 12. c4 Bxd5 13. cxd5 Qb6+ 14. Be3
Qxb2+ 15. Be2 O-O-O 16. Bxa7 b6 17. Qc1 Qd4+ 18. Qe3 Ne7 19. a4 Nxd5 20. Qxd4
exd4 21. exd5 Rxd5 22. Rhc1 Kb7 23. Bxb6 Kxb6 24. Rab1+ Ka7 25. Rxc7+ Ka8 26.
Rc6 g5 27. Ra6# 1-0

[Event "Challenge"]
[Site "http://www.queenalice.com/game.php?id=792267"]
[Date "2010.6.19"]
[Round "-"]
[White "EternalChess"]
[Black "Danado"]
[Result "0-1"]
[WhiteElo "1601"]
[BlackElo "1628"]

1. e4 e5 2. Nf3 Nc6 3. d4 d6 4. Bb5 Bd7 5. d5 Nce7 6. Nc3 a6 7. Bxd7+ Qxd7 8.
O-O c6 9. Na4 Nc8 10. Be3 c5 11. c4 Nf6 12. Nd2 Ng4 13. h3 Nxe3 14. fxe3 Be7 15.
Qf3 f6 16. Qh5+ g6 17. Qh6 Bf8 18. Qh4 Bg7 19. Rf2 Qxa4 20. b3 Qd7 21. a4 h5 22.
Rf3 O-O 23. Nf1 Qd8 24. Qg3 Ne7 25. Nd2 f5 26. Qh4 Bf6 27. Qg3 b5 28. axb5 axb5
29. Rxa8 Qxa8 30. Qe1 Qa2 31. exf5 bxc4 32. Nxc4 Nxf5 33. e4 Nh4 34. Rg3 g5 35.
Qa5 Qb1+ 36. Kh2 Qxe4 37. Nxd6 Qxd5 38. Nc4 e4 39. Ne5 Qxe5 0-1

[Event "Challenge"]
[Site "http://www.queenalice.com/game.php?id=792583"]
[Date "2010.6.20"]
[Round "-"]
[White "EternalChess"]
[Black "PedroBritto"]
[Result "1-0"]
[WhiteElo "1575"]
[BlackElo "1569"]

1. e4 e5 2. Nf3 d6 3. d4 Nc6 4. Bb5 a6 5. Bxc6+ bxc6 6. O-O exd4 7. Nxd4 c5 8.
Nc6 Qh4 9. Qf3 Bg4 10. Qf4 Ne7 11. Nxe7 Bxe7 12. f3 g5 13. Qxg4 Qh6 14. f4 gxf4
15. Bxf4 Qf6 16. Nc3 Qd4+ 17. Kh1 Kf8 18. Rad1 Qc4 19. Nd5 Bd8 20. Bh6+ Ke8 21.
Nf6+ Bxf6 22. Rxf6 Qxc2 23. Rdf1 Qxb2 24. Rxf7 Rd8 25. Rf8+ Rxf8 26. Rxf8+ Ke7
27. Qg5+ Kd7 28. Rxd8+ Kc6 29. Qd5+ Kb6 30. Rb8+ Ka5 31. Rxb2 Ka4 32. Qb3+ Ka5
33. Qa3# 1-0

[Event "AUTO-INT-1737"]
[Site "http://www.queenalice.com/game.php?id=794633"]
[Date "2010.6.25"]
[Round "1"]
[White "reivipviana"]
[Black "EternalChess"]
[Result "1-0"]
[WhiteElo "1434"]
[BlackElo "1532"]

1. e4 e5 2. Nf3 Nf6 3. Qe2 Nc6 4. Qc4 d5 5. exd5 Nxd5 6. Be2 Bg4 7. Qxg4 Nf6 8.
Qc4 Qd5 9. Qc3 h6 10. O-O e4 11. Qe3 Bc5 12. d4 Bxd4 13. Nxd4 Qxd4 14. Qa3 Qb4
15. Qg3 Qd6 16. Qxg7 Qf8 17. Qxf6 h5 18. Bb5 Rd8 19. Bg5 Kd7 20. Qf5+ Ke8 21.
Bxd8 Kxd8 22. Rd1+ Ke7 23. Qxe4+ Kf6 24. Nc3 1-0

[Event "AUTO-INT-1737"]
[Site "http://www.queenalice.com/game.php?id=794634"]
[Date "2010.6.25"]
[Round "1"]
[White "EternalChess"]
[Black "reivipviana"]
[Result "1-0"]
[WhiteElo "1554"]
[BlackElo "1473"]

1. e4 e5 2. Nf3 f6 3. d4 Nc6 4. Bb5 Bb4+ 5. Bd2 exd4 6. Bxc6 dxc6 7. Bxb4 Bg4 8.
h3 Be6 9. Nxd4 b6 10. Nxe6 Qxd1+ 11. Kxd1 c5 12. Nxc7+ Kf7 13. Nxa8 cxb4 14. Nc7
Ne7 15. Ke2 Rc8 16. Nd5 Rxc2+ 17. Nd2 Rxb2 18. Nxe7 Kxe7 19. Rhc1 g5 20. Rc7+
Kd8 21. Rac1 Rxa2 22. Rc8+ Kd7 23. R1c7+ Ke6 24. Ke3 a5 25. Nc4 b3 26. Re8# 1-0

[Event "AUTO-INT-1737"]
[Site "http://www.queenalice.com/game.php?id=794651"]
[Date "2010.6.25"]
[Round "1"]
[White "EternalChess"]
[Black "CountGrobula"]
[Result "0-1"]
[WhiteElo "1491"]
[BlackElo "1520"]

1. e4 g5 2. d3 g4 3. Qxg4 d5 4. Qf3 dxe4 5. dxe4 Nc6 6. Bb5 Bd7 7. Bxc6 Bxc6 8.
Ne2 Nf6 9. Nbc3 Bg7 10. Qd3 Qxd3 11. cxd3 O-O-O 12. Bg5 Rxd3 13. Bxf6 Bxf6 14.
Rd1 Rxd1+ 15. Kxd1 Rd8+ 16. Kc1 h6 17. f3 Bg5+ 0-1

[Event "AUTO-INT-1737"]
[Site "http://www.queenalice.com/game.php?id=794652"]
[Date "2010.6.25"]
[Round "1"]
[White "CountGrobula"]
[Black "EternalChess"]
[Result "1-0"]
[WhiteElo "1535"]
[BlackElo "1476"]

1. d4 d5 2. e3 Nf6 3. Bd3 Be6 4. Nf3 Bg4 5. Nbd2 Qd7 6. O-O Bxf3 7. c3 Bxd1 8.
Rxd1 e6 9. e4 dxe4 10. Nxe4 Nxe4 11. Bxe4 c6 12. Bf4 Bd6 13. Be3 f5 14. Bc2 h6
15. c4 b6 16. c5 Bc7 17. Bb3 1-0

[Event "AUTO-INT-1737"]
[Site "http://www.queenalice.com/game.php?id=794653"]
[Date "2010.6.25"]
[Round "1"]
[White "EternalChess"]
[Black "Browling"]
[Result "1/2-1/2"]
[WhiteElo "1573"]
[BlackElo "1500"]

1. e4 e5 2. Nf3 Nc6 3. d4 exd4 4. Nxd4 Nxd4 5. Qxd4 c5 6. Qe5+ Qe7 7. Qxe7+ Bxe7
8. Bc4 d6 9. O-O Nf6 10. Re1 O-O 11. Bg5 h6 12. Bxf6 Bxf6 13. c3 Be6 14. Bxe6
fxe6 15. Nd2 b5 16. a3 a5 17. f4 Rfe8 18. e5 dxe5 19. fxe5 Bg5 20. Nf3 b4 21.
Nxg5 hxg5 22. Re4 bxc3 23. bxc3 Kh7 24. Rd1 Rad8 25. Rd6 Kg6 26. Rc4 Rf8 27.
Rxe6+ Kh7 28. Rd6 g6 29. Rxc5 Rb8 30. Rd1 Rb3 31. e6 Kg7 32. Rc7+ Kh6 33. Rf7
Re8 34. e7 Rxc3 35. Re1 Rc7 36. g4 a4 37. Re4 Rcxe7 38. Rfxe7 Rxe7 39. Rxe7
1/2-1/2